<?xml version="1.0" encoding="UTF-8"?>
<collection xmlns="http://www.loc.gov/MARC21/slim">
 <record>
  <leader>00519pamaa2200169   4500</leader>
  <controlfield tag="001">0000027337</controlfield>
  <controlfield tag="005">20060120090000.0</controlfield>
  <datafield tag="020" ind1="0" ind2="0">
   <subfield code="a">1555711944 </subfield>
  </datafield>
  <datafield tag="082" ind1=" " ind2=" ">
   <subfield code="a">658.4012 ABR 1993</subfield>
  </datafield>
  <datafield tag="090" ind1="0" ind2="0">
   <subfield code="a">HD62.5 </subfield>
   <subfield code="b">ABR 1993</subfield>
  </datafield>
  <datafield tag="100" ind1="1" ind2="0">
   <subfield code="a">ABRAMS </subfield>
  </datafield>
  <datafield tag="245" ind1="1" ind2="4">
   <subfield code="a">The Successful business plan : </subfield>
   <subfield code="b">secrets and strategies  </subfield>
   <subfield code="c">Rhonda M. Abrams.</subfield>
  </datafield>
  <datafield tag="250" ind1="0" ind2="0">
   <subfield code="a">2nd ed.</subfield>
  </datafield>
  <datafield tag="260" ind1="0" ind2="0">
   <subfield code="a">Oregon: </subfield>
   <subfield code="b">The Oasis Press, </subfield>
   <subfield code="c">1993.</subfield>
  </datafield>
  <datafield tag="300" ind1=" " ind2=" ">
   <subfield code="a">xxviii, 320p.; </subfield>
   <subfield code="c">28cm.</subfield>
  </datafield>
  <datafield tag="650" ind1="0" ind2="0">
   <subfield code="a">New business enterprises -- </subfield>
   <subfield code="x">Planning </subfield>
  </datafield>
  <datafield tag="650" ind1="0" ind2="0">
   <subfield code="a">New business enterprises -- </subfield>
   <subfield code="x">Management </subfield>
  </datafield>
 </record>
</collection>
